书目信息 |
| 题名: |
Windows Server 2008与Windows Vista组策略参考大全
|
|
| 作者: | 梅尔贝 , 微软组策略专家组 著 ;彭爱华 译 ;微软组策略专家组 著 | |
| 分册: | ||
| 出版信息: | 北京 人民邮电出版社 2009.02 |
|
| 页数: | 418页 | |
| 开本: | 24cm | |
| 丛书名: | ||
| 单 册: | ||
| 中图分类: | TP316.86 , TP316.7 | |
| 科图分类: | ||
| 主题词: | 服务器--Fu Wu Qi--操作系统(软件) , 窗口软件--Chuang Kou Ruan Jian | |
| 电子资源: | ||
| ISBN: | 978-7-115-19138-0 | |
| 000 | 01713nam0 2200313 450 | |
| 001 | 0011125847 | |
| 005 | 20100528174210.04 | |
| 010 | @a978-7-115-19138-0@dCNY55.00 | |
| 100 | @a20100515d2009 em y0chiy0110 ea | |
| 101 | 1 | @achi@ceng |
| 102 | @aCN@b110000 | |
| 105 | @aak z 000yy | |
| 200 | 1 | @aWindows Server 2008与Windows Vista组策略参考大全@AWindows Server 2008 yu Windows Vista zu ce lue can kao da quan@f(美) Derek Melber,微软组策略专家组著@F(mei)Derek Melber,wei ruan zu ce lue zhuan jia zu zhu@g彭爱华译 |
| 210 | @a北京@c人民邮电出版社@d2009.02 | |
| 215 | @a418页@c图@d24cm | |
| 306 | @a本书原版由微软出版社出版。本书中文翻译版由微软出版社授权人民邮电出版社独家出版。 | |
| 314 | @a著者规范汉译姓:取自版权页 | |
| 330 | @aWindows Server 2008和Windows Vista是新一代操作系统,支持众多值得期待的功能和特性,而组策略就是其中最吸引人的功能之一。本书从实例出发,用图文并茂的方式详细介绍Windows Server 2008和Windows Vista组策略的管理、维护和排错技巧,包括组策略介绍、组策略架构、组策略安全、组策略管理、基于注册表的策略设置、组策略首选项等高级技术和技巧。本书由微软最有价值专家Derek Melber(组策略方向)撰写,并由微软公司的Windows组策略专家组提供技术资源、帮助和技术审核;由微软最有价值专家彭爱华(Windows方向)负责翻译。 | |
| 606 | 0 | @a服务器@AFu Wu Qi@x操作系统(软件) |
| 606 | 0 | @a窗口软件@AChuang Kou Ruan Jian |
| 610 | 0 | @aWindows Server 2008 Windows Vista |
| 690 | @aTP316.86@v4 | |
| 690 | @aTP316.7@v4 | |
| 701 | 1 | @a梅尔贝@Amei er bei@g(Melber, Derek)@4著 |
| 701 | 0 | @a微软组策略专家组@Awei ruan zu ce lue zhuan jia zu@4著 |
| 702 | 0 | @a彭爱华@Apeng ai hua@4译 |
| 711 | 02 | @a微软组策略专家组@Awei ruan zu ce lue zhuan jia zu@4著 |
| 801 | 0 | @aCN@c20100515 |
| 905 | @dTP316.86@eM425@f3 | |
| Windows Server 2008与Windows Vista组策略参考大全/(美) Derek Melber,微软组策略专家组著/彭爱华译.-北京:人民邮电出版社,2009.02 |
| 418页:图;24cm |
| ISBN 978-7-115-19138-0:CNY55.00 |
| Windows Server 2008和Windows Vista是新一代操作系统,支持众多值得期待的功能和特性,而组策略就是其中最吸引人的功能之一。本书从实例出发,用图文并茂的方式详细介绍Windows Server 2008和Windows Vista组策略的管理、维护和排错技巧,包括组策略介绍、组策略架构、组策略安全、组策略管理、基于注册表的策略设置、组策略首选项等高级技术和技巧。本书由微软最有价值专家Derek Melber(组策略方向)撰写,并由微软公司的Windows组策略专家组提供技术资源、帮助和技术审核;由微软最有价值专家彭爱华(Windows方向)负责翻译。 |
| ● |
| 相关链接 |
|
|
|
正题名:Windows Server 2008与Windows Vista组策略
索取号:TP316.86/M425
 
预约/预借
| 序号 | 登录号 | 条形码 | 馆藏地/架位号 | 状态 | 备注 |